| 000 | 00000nam 2200000zi 4500 |
| 001 | 9.954261 |
| 003 | CaOODSP |
| 005 | 20250819142134 |
| 006 | m o d f |
| 007 | cr mn||||||||| |
| 008 | 250819e20180620oncd obs f000 0 eng d |
| 040 | |aCaOODSP|beng|erda|cCaOODSP |
| 043 | |an-cn--- |
| 086 | 1 |aCS82-003/2018-6-1E-PDF |
| 100 | 1 |aBushnik, Tracey, |eauthor. |
| 245 | 10|aFactors associated with hypertension control among older Canadians / |cby Tracey Bushnik, Deirdre A. Hennessy, Finlay A. McAlister and Douglas G. Manuel. |
| 264 | 1|a[Ottawa] : |bStatistics Canada = Statistique Canada, |cJune 20, 2018. |
| 264 | 4|c©2018 |
| 300 | |a1 online resource (pages 3-10) : |bgraphs. |
| 336 | |atext|btxt|2rdacontent |
| 337 | |acomputer|bc|2rdamedia |
| 338 | |aonline resource|bcr|2rdacarrier |
| 490 | 1 |aHealth reports, |x1209-1367 ; |vvol. 29, no. 6, [1] |
| 500 | |aCover title. |
| 500 | |aIssued also in French under title: Facteurs associés au contrôle de l’hypertension chez les Canadiens plus âgés. |
| 504 | |aIncludes bibliographical references (page 10). |
| 520 | 3 |a"In Canada, hypertension control is significantly less likely in older women taking antihypertensive medication than in older men. This study examines factors that may explain some of the differences in hypertension control between women and men"--Abstract, page 3. |
| 650 | 0|aHypertension|zCanada|vStatistics. |
| 650 | 0|aBlood pressure|zCanada|vStatistics. |
| 650 | 0|aHypotensive agents. |
| 655 | 7|aStatistics|2lcgft |
| 710 | 2 |aStatistics Canada, |eissuing body. |
| 775 | 08|tFacteurs associés au contrôle de l’hypertension chez les Canadiens plus âgés / |w(CaOODSP)9.954264 |
| 830 | #0|aHealth reports (Series)|x1209-1367 ; |vvol. 29, no. 6, [1].|w(CaOODSP)9.950253 |
| 856 | 40|qPDF|s631 KB|uhttps://publications.gc.ca/collections/collection_2025/statcan/82-003-x/CS82-003-2018-6-1-eng.pdf |
| 856 | 4 |qHTML|sN/A|uhttps://www150.statcan.gc.ca/n1/pub/82-003-x/2018006/article/54970-eng.htm |